000 00737nam a2200205 i 4500
001 56403
003 ES-MaACL
005 20250803064423.0
007 t|
008 031008s1971 sp b |||| | spa d
100 1 _aDíez Taboada, Juan María.
_944772
245 1 0 _aBibliografía sobre G.A. Bécquer y su obra /
_cJuan María Díez Taboada.
260 _aMadrid :
_bInstituto Miguel de Cervantes,
_c1971.
300 _a[45] p. ;
_c22 cm.
500 _aSeparata de: Revista de filología española, t. LII, 1969, cuadernos 1-4, p. 651-695.
600 1 7 _aBécquer, Gustavo Adolfo,
_d1836-1870-
_vBibliografías
_2
_9170130
710 2 _aInstituto "Miguel de Cervantes"
_95133
852 _aES-MaACL
_j2107-F-2
999 _c56403
_d56403